00375nam a2200145Ia 4500008004100000020001800041041000800059082001500067100001700082245004500099260002000144300003100164365001700195700001700212230718s9999 xx 000 0 und d a9781439874844 aeng a006.7bSIL aSilva M.M.D. aMultimedia Communications and Networking c2012bCRC Press a488dRef 1607 E ME (49958) cRs.b6281.00 aSilva M.M.D.